000 00661cam a22002291 4500
001 ne 63000623
003 DLC
005 20260227111743.0
008 890105s1962 le 000 0 ara c
010 _ane 63000623
025 _aPL480:UAR-1823
035 _a(OCoLC)18973492
040 _aPrinceton Univ. Libr. for LC
_cWaU
_dWaU
_dDLC
042 _apremarc
050 0 0 _aCB113.A7
_bM8
100 1 _aMūsá, Salāmah,
_d1887-1958.
245 1 0 _aMā hiya al-nahḍah
_c[taʼlīf] Salāmah Mūsá.
250 _a[al-Ṭabʻah al-ūlá]
260 _aBayrūt,
_bMaktabat al-Maʻārif
_c[1962]
300 _a144 p.
_c20 cm.
650 0 _aCivilization
_xHistory.
999 _c45715
_d45715